| 000 | 00740nam a22002297a 4500 | ||
|---|---|---|---|
| 008 | 150604b xxu||||| |||| 00| 0 eng d | ||
| 020 | _a9780073515359 | ||
| 041 | 0 | _aeng | |
| 080 | _a001 | ||
| 100 | _aEaston, Thomas A. | ||
| 245 | 0 | 0 |
_aTaking sides _cselected, edited, and with introductions by Thomas A. Easton. |
| 246 | 3 | 0 | _aClashing views in science, technology and society |
| 246 | 3 | 0 | _aScience, technology and society |
| 250 | _a8th ed., expanded | ||
| 260 |
_aBoston : _bMcGraw-Hill Higher Education, _cc2009. |
||
| 300 |
_axxviii, 444 p. ; _c24 cm. |
||
| 490 |
_aTaking sides, _x1098-5417 |
||
| 650 | 0 |
_aShkencë _xAspektet sociale |
|
| 650 | 0 |
_aTeknologji _xAspektet sociale |
|
| 700 | 1 | _aEaston, Thomas A. | |
| 942 |
_2udc _cBK |
||
| 999 |
_c987 _d987 |
||